[Event "37th Reykjavik op"]
[Site "Reykjavik ISL"]
[Date "2024.03.21"]
[Round "9.9"]
[White "Salimova, Nurgyul"]
[Black "Can, Emre"]
[WhiteElo "2426"]
[BlackElo "2551"]
[Result "1/2-1/2"]
[EventDate "2024.03.15"]
[PlyCount "180"]

1. e4 {[%eval 13,0]} g6 $6 {[%eval 71,0] Inaccuracy. e5 was best.} (1... e5 2.
Nf3 Nc6 3. Bb5 Nf6 4. O-O Nxe4 5. Re1 Nd6 6. Nxe5) 2. d4 {[%eval 54,0]} Bg7 {
[%eval 69,0]} 3. Nf3 {[%eval 61,0]} d6 {[%eval 68,0]} 4. Bd3 {[%eval 46,0]} Nc6
{[%eval 68,0]} 5. c3 {[%eval 71,0]} e5 {[%eval 5,0]} 6. dxe5 {[%eval 22,0]}
dxe5 {[%eval 44,0]} 7. O-O {[%eval 7,0]} Nf6 {[%eval 46,0]} 8. Qe2 {[%eval 18,
0]} O-O {[%eval 45,0]} 9. Rd1 {[%eval 28,0]} Nh5 {[%eval 2,0]} 10. Bg5 {
[%eval 5,0]} Qe8 {[%eval 3,0]} 11. Ne1 {[%eval 35,0]} Nf4 {[%eval 24,0]} 12.
Qe3 $6 {[%eval -97,0] Inaccuracy. Bxf4 was best.} (12. Bxf4 exf4) 12... Nxd3 {
[%eval -98,0]} 13. Nxd3 {[%eval 92,0]} f5 {[%eval -100,0]} 14. exf5 {[%eval
-61,0]} gxf5 {[%eval -58,0]} 15. Qe2 $6 {[%eval -178,0] Inaccuracy. f4 was
best.} (15. f4 e4 16. Nc1 Qf7 17. Ne2 Be6 18. a4 h6 19. Bh4 Bc4 20. Nd2 Bd3 21.
Ng3 Na5) 15... f4 {[%eval -162,0]} 16. Bh4 {[%eval -153,0]} f3 {[%eval -197,0]}
17. Qe3 {[%eval -134,0]} e4 {[%eval -164,0]} 18. Ne1 {[%eval -194,0]} fxg2 {
[%eval -153,0]} 19. Nd2 {[%eval -119,0]} Bg4 {[%eval -123,0]} 20. Rdc1 {
[%eval -146,0]} Bf5 $6 {[%eval -24,0] Inaccuracy. Kh8 was best.} (20... Kh8 21.
Nxg2 Qd7 22. Bg3 Rae8 23. Rc2 Ne5 24. Qxa7 b6 25. Nf1 Bh5 26. Nfe3 Qh3) 21.
Nxg2 {[%eval -25,0]} Ne5 {[%eval -92,0]} 22. Kh1 $6 {[%eval -156,0] Inaccuracy.
Bg3 was best.} (22. Bg3) 22... Bg6 {[%eval -177,0]} 23. Re1 {[%eval -195,0]}
Nd3 {[%eval -194,0]} 24. Rg1 {[%eval -142,0]} Qc6 {[%eval -145,0]} 25. Rab1 {
[%eval -127,0]} Rf7 {[%eval -147,0]} 26. Bg3 {[%eval -166,0]} Raf8 {[%eval
-195,0]} 27. Rgf1 {[%eval -292,0]} h5 {[%eval -113,0]} 28. Kg1 {[%eval -119,0]}
a5 {[%eval -141,0]} 29. Qe2 {[%eval -300,0]} Bh6 {[%eval -116,0]} 30. Nb3 {
[%eval -129,0]} a4 {[%eval -162,0]} 31. Nd4 {[%eval -143,0]} Qd5 {[%eval -143,
0]} 32. Rbd1 {[%eval -143,0]} c5 {[%eval -144,0]} 33. Ne6 {[%eval -143,0]} Qxe6
{[%eval -132,0]} 34. Rxd3 {[%eval -143,0]} Qa6 {[%eval -174,0]} 35. Re3 {
[%eval -184,0]} Qxe2 $6 {[%eval -67,0] Inaccuracy. Bxe3 was best.} (35... Bxe3
36. Qxe3 Qc6 37. a3 Kh7 38. Re1 Rf3 39. Qg5 R8f5 40. Qh4 Rf7 41. Nf4 Qf6 42.
Qxf6) 36. Rxe2 {[%eval -58,0]} e3 {[%eval -82,0]} 37. Rd1 {[%eval -75,0]} Be4 {
[%eval -78,0]} 38. Rd6 {[%eval -79,0]} Bf3 {[%eval -84,0]} 39. Re1 {[%eval -57,
0]} exf2+ {[%eval -77,0]} 40. Kxf2 $6 {[%eval -162,0] Inaccuracy. Bxf2 was
best.} (40. Bxf2 Rg7 41. Bg3 Kh7 42. Nh4 Bf4 43. Rde6 Bd5 44. Re7 Bxa2 45.
Rxg7+ Kxg7 46. Re7+ Kh6) 40... Bg7 $6 {[%eval -71,0] Inaccuracy. Bc6+ was best.
} (40... Bc6+ 41. Ke2 Bg7 42. Ne3 a3 43. bxa3 Bxc3 44. Rg1 Kh7 45. Kd1 Rf3 46.
Re6 R8f7 47. Be1) 41. a3 {[%eval -65,0]} Bc6+ {[%eval -78,0]} 42. Kg1 {[%eval
-84,0]} Rf6 {[%eval 67,0]} 43. Rxf6 {[%eval 97,0]} Rxf6 {[%eval -95,0]} 44. Re5
{[%eval -94,0]} Bh6 {[%eval -93,0]} 45. Ne3 {[%eval -92,0]} Kf7 {[%eval -96,0]}
46. Bf2 $2 {[%eval -132,0] Mistake. Nd1 was best.} (46. Nd1) 46... Re6 {
[%eval -121,0]} 47. Nc4 {[%eval -259,0]} b5 $4 {[%eval 23,0] Blunder. Rxe5 was
best.} (47... Rxe5 48. Nxe5+ Ke6 49. Nc4 Kd5 50. Nb6+ Ke4 51. Kf1 Kd3 52. Bxc5
Bc1 53. Ke1 Bxb2 54. Bb4) 48. Rf5+ {[%eval 32,0]} Kg6 {[%eval 26,0]} 49. Re5 {
[%eval 35,0]} Kf6 {[%eval 25,0]} 50. Bh4+ $2 {[%eval -57,0] Mistake. Rxh5 was
best.} (50. Rxh5 Bc1 51. Ne3 Bxb2 52. Ng4+ Kg7 53. Bxc5 Rg6 54. h3 Bxc3 55. Kf2
Re6 56. Ne3 Be4) 50... Kf7 {[%eval -53,0]} 51. Rf5+ {[%eval 86,0]} Kg7 {
[%eval 88,0]} 52. Ne5 {[%eval 91,0]} Be8 {[%eval 88,0]} 53. Rf3 {[%eval 94,0]}
Kh7 {[%eval 67,0]} 54. Nd3 $2 {[%eval -17,0] Mistake. Nf7 was best.} (54. Nf7)
54... c4 {[%eval -28,0]} 55. Nf4 {[%eval -38,0]} Re5 {[%eval -94,0]} 56. Bg3 $6
{[%eval -167,0] Inaccuracy. h3 was best.} (56. h3 Rf5) 56... Bc6 {[%eval -142,
0]} 57. Rf1 {[%eval -142,0]} Rf5 $4 {[%eval 21,0] Blunder. Rg5 was best.} (
57... Rg5 58. Re1 h4 59. Re7+ Rg7 60. Rxg7+ Kxg7 61. Ne6+ Kf6 62. Bf4 Bxf4 63.
Nxf4 Kf5 64. Ne2) 58. h4 {[%eval 26,0]} Re5 {[%eval 13,0]} 59. Kh2 {[%eval 2,0]
} Re4 {[%eval 1,0]} 60. Rf2 {[%eval 19,0]} Re1 {[%eval 16,0]} 61. Ng2 {[%eval
42,0]} Rb1 {[%eval 46,0]} 62. Bf4 {[%eval 47,0]} Bg7 {[%eval 55,0]} 63. Ne3 $6
{[%eval -94,0] Inaccuracy. Re2 was best.} (63. Re2) 63... Be4 $6 {[%eval 78,0]
Inaccuracy. Bf6 was best.} (63... Bf6 64. Nf5 Kg6 65. Bd6 Be4 66. Ng3 Ba8 67.
Nf5 Rd1 68. Ne7+ Kf7 69. Nf5 b4 70. axb4) 64. Kg3 {[%eval 64,0]} Kg6 {[%eval
27,0]} 65. Bd6 $6 {[%eval -65,0] Inaccuracy. Rd2 was best.} (65. Rd2 Bd3 66.
Rf2 b4 67. axb4 a3 68. bxa3 Bxc3 69. Kf3 Kf7 70. Rg2 Bf6 71. Nd5 c3) 65... Bf6
{[%eval 99,0]} 66. Nf1 $6 {[%eval -189,0] Inaccuracy. Rh2 was best.} (66. Rh2)
66... Bd3 $6 {[%eval -68,0] Inaccuracy. Rd1 was best.} (66... Rd1) 67. Ne3 {
[%eval -78,0]} Rh1 $6 {[%eval 5,0] Inaccuracy. Be4 was best.} (67... Be4) 68.
Rf4 {[%eval 67,0]} Rg1+ {[%eval 7,0]} 69. Kh3 {[%eval 85,0]} Re1 $6 {[%eval 23,
0] Inaccuracy. Bg7 was best.} (69... Bg7) 70. Nd5 {[%eval 21,0]} Bf5+ {[%eval
0,0]} 71. Kg3 {[%eval 0,0]} Bd8 {[%eval 0,0]} 72. Rd4 {[%eval 0,0]} Rg1+ {
[%eval 4,0]} 73. Kf2 {[%eval 4,0]} Rb1 {[%eval 16,0]} 74. Ne7+ {[%eval 15,0]}
Kf6 {[%eval 0,0]} 75. Nxf5 {[%eval 12,0]} Rxb2+ {[%eval 0,0]} 76. Kf3 {[%eval
0,0]} Kxf5 {[%eval 0,0]} 77. Bb4 {[%eval 0,0]} Bf6 {[%eval 0,0]} 78. Rd5+ {
[%eval 0,0]} Kg6 {[%eval 2,0]} 79. Rxb5 {[%eval 1,0]} Bxh4 {[%eval 0,0]} 80.
Rb6+ {[%eval 1,0]} Kf7 {[%eval 0,0]} 81. Rh6 {[%eval 0,0]} Bf6 {[%eval 0,0]}
82. Rxh5 {[%eval 0,0]} Rb3 {[%eval 6,0]} 83. Ke4 {[%eval 0,0]} Bxc3 {[%eval 9,
0]} 84. Bxc3 {[%eval 0,0]} Rxc3 {[%eval 0,0]} 85. Kd4 {[%eval 0,0]} Rxa3 {
[%eval 0,0]} 86. Kxc4 {[%eval 0,0]} Ke6 {[%eval 0,0]} 87. Kb4 {[%eval 0,0]} Ra1
{[%eval 0,0]} 88. Ra5 {[%eval 0,0]} Kd6 89. Rxa4 Rxa4+ 90. Kxa4 Ke5 1/2-1/2

[Event "37th Reykjavik op"]
[Site "Reykjavik ISL"]
[Date "2024.03.21"]
[Round "9.10"]
[White "Steingrimsson, Hedinn"]
[Black "Lu, Miaoyi"]
[WhiteElo "2477"]
[BlackElo "2392"]
[Result "1-0"]
[EventDate "2024.03.15"]
[PlyCount "113"]

1. d4 {[%eval 17,0]} Nf6 {[%eval 16,0]} 2. c4 {[%eval 16,0]} e6 {[%eval 21,0]}
3. Nf3 {[%eval 0,0]} Bb4+ {[%eval 43,0]} 4. Nbd2 {[%eval 32,0]} O-O {[%eval 45,
0]} 5. a3 {[%eval 43,0]} Be7 {[%eval 62,0]} 6. e4 {[%eval 32,0]} d6 {[%eval 67,
0]} 7. Be2 {[%eval 4,0]} e5 {[%eval 63,0]} 8. O-O {[%eval 28,0]} exd4 {[%eval
16,0]} 9. Nxd4 {[%eval 19,0]} Re8 {[%eval 23,0]} 10. Re1 {[%eval 8,0]} Nfd7 {
[%eval 7,0]} 11. Rb1 {[%eval 8,0]} Bf6 {[%eval 13,0]} 12. Nc2 {[%eval 16,0]}
Nc5 {[%eval 8,0]} 13. Bf1 {[%eval 14,0]} Nc6 {[%eval 12,0]} 14. b4 {[%eval 7,0]
} Na4 {[%eval 3,0]} 15. Rb3 {[%eval 5,0]} Be6 {[%eval 44,0]} 16. h3 {[%eval 23,
0]} b5 $2 {[%eval 146,0] Mistake. a5 was best.} (16... a5 17. b5) 17. Rbe3 $6 {
[%eval 62,0] Inaccuracy. cxb5 was best.} (17. cxb5 Bxb3) 17... Bg5 $4 {[%eval
248,0] Blunder. bxc4 was best.} (17... bxc4 18. Nxc4) 18. cxb5 {[%eval 244,0]}
Ne5 {[%eval 241,0]} 19. g3 $6 {[%eval 171,0] Inaccuracy. Nd4 was best.} (19.
Nd4 Bxe3 20. Rxe3 Nb6 21. f4 Nec4 22. Rg3 Nxd2 23. Bxd2 g6 24. Bc3 Bd7 25. Nc6
Qh4) 19... Bxe3 {[%eval 165,0]} 20. Nxe3 {[%eval 174,0]} Nc3 {[%eval 192,0]}
21. Qc2 {[%eval 182,0]} d5 {[%eval 108,0]} 22. f4 {[%eval 186,0]} d4 {[%eval
176,0]} 23. fxe5 {[%eval 168,0]} Qg5 $2 {[%eval 355,0] Mistake. dxe3 was best.}
(23... dxe3 24. Rxe3 Na2 25. Bb2 c6 26. Rd3 Qb6+ 27. Bd4 Qxb5 28. Rf3 Qb8 29.
Nb3 Nxb4 30. axb4) 24. Ng2 $2 {[%eval 161,0] Mistake. Ng4 was best.} (24. Ng4
Bxg4 25. Nf3 Qxc1 26. Rxc1 Bxf3 27. Qd3 Bh5 28. g4 Bg6 29. Qxd4 Nxe4 30. Rxc7
Ng5) 24... Qxg3 {[%eval 159,0]} 25. Qd3 {[%eval 155,0]} Qxd3 {[%eval 167,0]}
26. Bxd3 {[%eval 146,0]} Bxh3 {[%eval 196,0]} 27. Nf3 {[%eval 163,0]} Rad8 {
[%eval 201,0]} 28. Bf4 {[%eval 202,0]} Be6 {[%eval 201,0]} 29. Rc1 {[%eval 217,
0]} Rd7 {[%eval 254,0]} 30. Bd2 {[%eval 265,0]} Bg4 {[%eval 206,0]} 31. Ngh4 {
[%eval 206,0]} h6 {[%eval 262,0]} 32. Kf2 {[%eval 266,0]} f6 {[%eval 313,0]}
33. Bxc3 {[%eval 318,0]} dxc3 {[%eval 302,0]} 34. Bc4+ {[%eval 291,0]} Be6 {
[%eval 300,0]} 35. Rxc3 {[%eval 308,0]} Bxc4 {[%eval 304,0]} 36. Rxc4 {[%eval
300,0]} fxe5 {[%eval 298,0]} 37. Ng6 {[%eval 239,0]} Rd3 {[%eval 258,0]} 38. a4
{[%eval 253,0]} Ra3 {[%eval 273,0]} 39. a5 {[%eval 276,0]} Re6 $6 {[%eval 394,
0] Inaccuracy. Ra2+ was best.} (39... Ra2+ 40. Kg3 Ra3 41. Rxc7 Kh7 42. Ne7 Rb8
43. Nd5 Rxb5 44. Rxa7 h5 45. Rf7 Kh6 46. Kf2) 40. Nfxe5 {[%eval 437,0]} Rf6+ {
[%eval 412,0]} 41. Ke2 {[%eval 407,0]} Ra2+ {[%eval 403,0]} 42. Ke3 {[%eval
374,0]} Ra3+ {[%eval 435,0]} 43. Kd4 {[%eval 422,0]} Rd6+ {[%eval 407,0]} 44.
Kc5 {[%eval 418,0]} h5 {[%eval 432,0]} 45. Ne7+ {[%eval 439,0]} Kf8 {[%eval
541,0]} 46. Nf5 {[%eval 519,0]} Rd8 {[%eval 517,0]} 47. Kc6 {[%eval 521,0]} Re8
{[%eval 562,0]} 48. Nd7+ {[%eval 562,0]} Kf7 {[%eval 562,0]} 49. Kxc7 {[%eval
549,0]} Rh8 {[%eval 548,0]} 50. e5 {[%eval 488,0]} g5 $6 {[%eval 704,0]
Inaccuracy. g6 was best.} (50... g6 51. Nd6+ Kg7 52. Nf6 Re3 53. Nfe8+ Kh7 54.
Kb7 g5 55. Rc7+ Kg6) 51. Rc6 {[%eval 603,0]} h4 $4 {[%eval 32730,0] Checkmate
is now unavoidable. g4 was best.} (51... g4 52. Rf6+ Ke8 53. b6 axb6 54. axb6
g3 55. Nd6+ Ke7 56. b7 Ra7 57. Nc5 Rxb7+ 58. Ncxb7) 52. Rf6+ {[%eval 32718,0]}
Ke8 {[%eval 823,0]} 53. e6 {[%eval 798,0]} Rc3+ {[%eval 708,0]} 54. Kb7 {
[%eval 716,0]} Rd3 $2 {[%eval 32756,0] Checkmate is now unavoidable. Rf3 was
best.} (54... Rf3 55. Ng7+ Ke7 56. Rxf3 Kd6 57. Rf7 h3 58. Nf6 h2 59. Rd7+ Ke5
60. Ng4+ Kf4 61. Nxh2) 55. Rf7 {[%eval 32758,0]} Kd8 $4 {[%eval 32760,0]
Checkmate is now unavoidable. Rxd7+ was best.} (55... Rxd7+ 56. Rxd7 Rh6 57.
Nxh6 Kf8 58. Ng4 Ke8 59. Nf6+ Kf8 60. Rf7#) 56. Nf6 {[%eval 32762,0]} Re8 {
[%eval 32762,0]} 57. Nxe8 {[%eval 32760,0]} 1-0

[Event "37th Reykjavik op"]
[Site "Reykjavik ISL"]
[Date "2024.03.21"]
[Round "9.11"]
[White "Yilmazyerli, Mert"]
[Black "Katz, Alexander"]
[WhiteElo "2526"]
[BlackElo "2418"]
[Result "1/2-1/2"]
[EventDate "2024.03.15"]
[PlyCount "37"]

1. d4 {[%eval 17,0]} Nf6 {[%eval 16,0]} 2. c4 {[%eval 16,0]} e6 {[%eval 21,0]}
3. Nf3 {[%eval 0,0]} d5 {[%eval 12,0]} 4. Nc3 {[%eval 0,0]} c6 {[%eval 33,0]}
5. Bg5 {[%eval 14,0]} Nbd7 {[%eval 34,0]} 6. e3 {[%eval 32,0]} Qa5 {[%eval 22,
0]} 7. Nd2 {[%eval 18,0]} dxc4 {[%eval 33,0]} 8. Bxf6 {[%eval 33,0]} Nxf6 {
[%eval 3,0]} 9. Nxc4 {[%eval 41,0]} Qc7 {[%eval 3,0]} 10. Be2 {[%eval 16,0]} b5
{[%eval 46,0]} 11. Nd2 {[%eval 53,0]} a6 {[%eval 43,0]} 12. Rc1 {[%eval 53,0]}
Bb7 {[%eval 39,0]} 13. O-O {[%eval 57,0]} c5 {[%eval 112,0]} 14. dxc5 {[%eval
101,0]} Rd8 {[%eval 101,0]} 15. Nxb5 $6 {[%eval 23,0] Inaccuracy. b4 was best.}
(15. b4) 15... axb5 {[%eval 23,0]} 16. Bxb5+ {[%eval 25,0]} Bc6 {[%eval 26,0]}
17. Qa4 {[%eval 0,0]} Bxb5 {[%eval 2,0]} 18. Qxb5+ {[%eval 3,0]} Nd7 $6 {
[%eval 62,0] Inaccuracy. Qd7 was best.} (18... Qd7 19. Qxd7+) 19. b4 {[%eval
68,0]} 1/2-1/2

[Event "37th Reykjavik op"]
[Site "Reykjavik ISL"]
[Date "2024.03.21"]
[Round "9.13"]
[White "Zhu, Jiner"]
[Black "Cieslak, Patryk"]
[WhiteElo "2467"]
[BlackElo "2325"]
[Result "1/2-1/2"]
[EventDate "2024.03.15"]
[PlyCount "90"]

1. e4 {[%eval 13,0]} c6 {[%eval 24,0]} 2. d4 {[%eval 28,0]} d5 {[%eval 31,0]}
3. e5 {[%eval 19,0]} Bf5 {[%eval 38,0]} 4. h4 {[%eval 16,0]} h5 {[%eval 14,0]}
5. Bd3 {[%eval 16,0]} Bxd3 {[%eval 17,0]} 6. Qxd3 {[%eval 14,0]} Qa5+ {[%eval
26,0]} 7. Nd2 {[%eval 2,0]} e6 {[%eval 37,0]} 8. Ngf3 {[%eval 37,0]} Qa6 {
[%eval 44,0]} 9. c4 {[%eval 41,0]} Bb4 {[%eval 46,0]} 10. b3 {[%eval 3,0]} Ne7
{[%eval 42,0]} 11. a4 {[%eval 5,0]} c5 {[%eval 16,0]} 12. dxc5 {[%eval 17,0]}
Nd7 {[%eval 4,0]} 13. O-O {[%eval 1,0]} Nxc5 {[%eval 7,0]} 14. Qc2 {[%eval 18,
0]} Rc8 {[%eval 17,0]} 15. Ba3 {[%eval 17,0]} Bxa3 {[%eval 21,0]} 16. Rxa3 {
[%eval 19,0]} Qa5 {[%eval 23,0]} 17. cxd5 {[%eval 19,0]} exd5 {[%eval 23,0]}
18. Ra2 {[%eval 43,0]} Ne6 {[%eval 37,0]} 19. Qb1 {[%eval 45,0]} Qb4 {[%eval
48,0]} 20. Rc1 {[%eval 9,0]} O-O {[%eval 72,0]} 21. Rxc8 {[%eval 74,0]} Rxc8 {
[%eval 77,0]} 22. Rc2 {[%eval 73,0]} Rc3 {[%eval -92,0]} 23. g3 {[%eval -65,0]}
d4 {[%eval -99,0]} 24. Rc1 {[%eval -88,0]} Rxc1+ $6 {[%eval 27,0] Inaccuracy.
Nc6 was best.} (24... Nc6 25. Kg2) 25. Qxc1 {[%eval 32,0]} Qc3 {[%eval 16,0]}
26. Qd1 {[%eval 42,0]} d3 {[%eval 64,0]} 27. Nc4 $6 {[%eval -39,0] Inaccuracy.
Qe1 was best.} (27. Qe1) 27... Nd5 $6 {[%eval 95,0] Inaccuracy. Nc6 was best.}
(27... Nc6) 28. Nfd2 {[%eval -97,0]} Nb6 {[%eval -84,0]} 29. Ne4 {[%eval -36,0]
} Qc2 $2 {[%eval 28,0] Mistake. Qd4 was best.} (29... Qd4 30. Ncd2 Qxe5 31. Qe1
Nc5 32. a5 Nbd7 33. b4 Nxe4 34. Qxe4 Qxe4 35. Nxe4 f5 36. Nc3) 30. Ne3 {
[%eval 32,0]} Qxd1+ {[%eval 25,0]} 31. Nxd1 {[%eval 16,0]} Nd7 {[%eval 17,0]}
32. f4 {[%eval 13,0]} Ndc5 {[%eval 16,0]} 33. Nd2 {[%eval 12,0]} Nd4 {[%eval
14,0]} 34. Nb2 {[%eval 17,0]} Ncxb3 {[%eval 12,0]} 35. Nxb3 {[%eval 16,0]} Nxb3
{[%eval 18,0]} 36. Nxd3 {[%eval 19,0]} b6 {[%eval 0,0]} 37. Kf2 {[%eval 3,0]}
Nd4 {[%eval 7,0]} 38. Ke3 {[%eval 2,0]} Nf5+ {[%eval 6,0]} 39. Kf3 {[%eval 8,0]
} Nd4+ {[%eval 0,0]} 40. Ke3 {[%eval 1,0]} Nf5+ {[%eval 14,0]} 41. Kf3 {
[%eval 7,0]} g6 {[%eval 0,0]} 42. g4 {[%eval 5,0]} hxg4+ {[%eval 2,0]} 43. Kxg4
{[%eval 0,0]} Ng7 {[%eval 0,0]} 44. Nb4 {[%eval 0,0]} Ne6 {[%eval 2,0]} 45. Nc6
{[%eval 0,0]} Nc5 1/2-1/2

[Event "37th Reykjavik op"]
[Site "Reykjavik ISL"]
[Date "2024.03.21"]
[Round "9.14"]
[White "Galperin, Platon"]
[Black "Heimisson, Hilmir Freyr"]
[WhiteElo "2555"]
[BlackElo "2355"]
[Result "1-0"]
[EventDate "2024.03.15"]
[PlyCount "41"]

1. d4 {[%eval 17,0]} d5 {[%eval 25,0]} 2. c4 {[%eval 26,0]} c6 {[%eval 28,0]}
3. Nf3 {[%eval 23,0]} Nf6 {[%eval 28,0]} 4. Nc3 {[%eval 31,0]} dxc4 {[%eval 2,
0]} 5. e4 $6 {[%eval 47,0] Inaccuracy. a4 was best.} (5. a4 e6 6. e3 c5 7. Bxc4
Be7 8. O-O O-O 9. Qe2 cxd4) 5... b5 {[%eval 7,0]} 6. Qc2 {[%eval 13,0]} e6 {
[%eval 4,0]} 7. Be2 {[%eval 56,0]} Bb7 {[%eval 47,0]} 8. O-O {[%eval 17,0]} Be7
{[%eval 25,0]} 9. Rb1 {[%eval 35,0]} O-O {[%eval 15,0]} 10. b3 {[%eval 6,0]}
cxb3 $6 {[%eval 53,0] Inaccuracy. c5 was best.} (10... c5) 11. Rxb3 {[%eval 54,
0]} Nbd7 {[%eval 76,0]} 12. e5 {[%eval 68,0]} Nd5 {[%eval 64,0]} 13. Nxd5 {
[%eval 65,0]} exd5 $2 {[%eval 187,0] Mistake. cxd5 was best.} (13... cxd5 14.
h4 Rc8 15. Qd3 Ba6 16. Ng5 Bxg5 17. hxg5 Rc6 18. Qe3 b4 19. Bxa6 Rxa6 20. Bd2)
14. Bd3 {[%eval 185,0]} h6 {[%eval 108,0]} 15. Bf5 {[%eval 217,0]} Kh8 $6 {
[%eval 329,0] Inaccuracy. b4 was best.} (15... b4 16. e6 fxe6 17. Bxe6+ Kh8 18.
Bxd7 Qxd7 19. Ne5 Qc7 20. Bxh6 gxh6 21. Rg3 Rf6 22. Ng6+) 16. Ne1 {[%eval 326,
0]} Re8 $6 {[%eval 411,0] Inaccuracy. Bc8 was best.} (16... Bc8 17. Rh3 Rg8 18.
Bxh6 gxh6 19. Qxc6 Nf6 20. Rxh6+ Kg7 21. exf6+ Bxf6 22. Rh7+ Kf8 23. Qxa8) 17.
Rh3 {[%eval 385,0]} Bf8 {[%eval 464,0]} 18. Nf3 {[%eval 457,0]} f6 {[%eval 461,
0]} 19. Bxd7 {[%eval 487,0]} Qxd7 {[%eval 479,0]} 20. exf6 {[%eval 453,0]} g5
$6 {[%eval 671,0] Inaccuracy. gxf6 was best.} (20... gxf6 21. Qg6 Qg7 22. Rxh6+
Kg8 23. Qh5 b4 24. Rg6 Ba6 25. Bh6 Bd3 26. Bxg7 Bxg7 27. Rg3) 21. Nxg5 {
[%eval 636,0]} 1-0

[Event "37th Reykjavik op"]
[Site "Reykjavik ISL"]
[Date "2024.03.21"]
[Round "9.15"]
[White "Stelmaszyk, Nico"]
[Black "Adhiban, B.."]
[WhiteElo "2347"]
[BlackElo "2541"]
[Result "0-1"]
[EventDate "2024.03.15"]
[PlyCount "148"]

1. e4 {[%eval 13,0]} c5 {[%eval 33,0]} 2. c3 {[%eval 4,0]} Nf6 {[%eval 15,0]}
3. e5 {[%eval 0,0]} Nd5 {[%eval 11,0]} 4. Bc4 {[%eval 0,0]} Nb6 {[%eval 0,0]}
5. Bb3 {[%eval 3,0]} Nc6 {[%eval 41,0]} 6. d4 {[%eval 33,0]} cxd4 {[%eval 4,0]}
7. cxd4 {[%eval 9,0]} d5 {[%eval 28,0]} 8. Bc2 {[%eval 31,0]} Nb4 {[%eval 33,0]
} 9. Na3 {[%eval 24,0]} Nxc2+ {[%eval 5,0]} 10. Nxc2 {[%eval 3,0]} e6 {[%eval
55,0]} 11. Ne2 {[%eval 26,0]} Bd7 {[%eval 3,0]} 12. O-O {[%eval 34,0]} Be7 {
[%eval 41,0]} 13. b3 {[%eval 25,0]} Bb5 {[%eval 25,0]} 14. a4 {[%eval 34,0]}
Bxe2 {[%eval 37,0]} 15. Qxe2 {[%eval 4,0]} Rc8 {[%eval 48,0]} 16. Ne3 $6 {
[%eval 13,0] Inaccuracy. f4 was best.} (16. f4 O-O 17. f5 exf5 18. Ne3 g6 19.
a5 Na8 20. Nxf5 gxf5 21. Bh6 Qd7 22. Rf3 Kh8) 16... O-O {[%eval 24,0]} 17. Bd2
{[%eval 24,0]} Rc6 {[%eval 53,0]} 18. f4 {[%eval 51,0]} f6 {[%eval 55,0]} 19.
Rf3 $6 {[%eval 15,0] Inaccuracy. a5 was best.} (19. a5 Nd7) 19... Nd7 {[%eval
16,0]} 20. a5 {[%eval 0,0]} fxe5 {[%eval 4,0]} 21. fxe5 {[%eval 7,0]} Rxf3 {
[%eval 5,0]} 22. Qxf3 {[%eval 16,0]} Qe8 {[%eval 21,0]} 23. Qg4 {[%eval 43,0]}
Qg6 {[%eval 1,0]} 24. Qxg6 {[%eval 8,0]} hxg6 {[%eval 0,0]} 25. Ra2 {[%eval 0,
0]} a6 {[%eval 0,0]} 26. Kf2 {[%eval 0,0]} Nb8 {[%eval 0,0]} 27. Ke2 {[%eval 8,
0]} Rc8 {[%eval 4,0]} 28. Rc2 {[%eval 26,0]} Nc6 {[%eval 39,0]} 29. Kd3 {
[%eval 44,0]} Rf8 {[%eval 41,0]} 30. Bc3 {[%eval 63,0]} Bb4 {[%eval 65,0]} 31.
Rc1 $6 {[%eval -62,0] Inaccuracy. Rb2 was best.} (31. Rb2 Rf4 32. Nc2 Bxa5 33.
b4 Bd8 34. b5 axb5 35. Rxb5 b6 36. Rb2 Rf2 37. Na3 Rxb2) 31... Rf4 {[%eval -64,
0]} 32. g3 {[%eval -49,0]} Rf2 {[%eval -81,0]} 33. Rc2 {[%eval -56,0]} Rf3 {
[%eval -58,0]} 34. Bb2 {[%eval -14,0]} Bxa5 {[%eval -37,0]} 35. Ke2 {[%eval
-15,0]} Rf7 {[%eval -18,0]} 36. Rc1 {[%eval -32,0]} Bb6 {[%eval -32,0]} 37. Nc2
{[%eval -32,0]} Na5 {[%eval -71,0]} 38. Bc3 {[%eval -57,0]} Nc6 {[%eval -82,0]}
39. Rf1 {[%eval -71,0]} Rxf1 {[%eval -68,0]} 40. Kxf1 {[%eval -66,0]} Ba5 {
[%eval -97,0]} 41. b4 {[%eval -62,0]} Bd8 {[%eval -96,0]} 42. Ke2 {[%eval -46,
0]} Be7 {[%eval -72,0]} 43. Kd3 {[%eval -43,0]} Kf7 $6 {[%eval 85,0]
Inaccuracy. b6 was best.} (43... b6 44. Bd2 a5 45. bxa5 bxa5 46. Bc1 Na7 47.
Ba3 Kf7 48. Bxe7 Kxe7 49. Kc3 Kd7 50. Kb3) 44. Bd2 {[%eval 85,0]} Ke8 {[%eval
96,0]} 45. Kc3 {[%eval 98,0]} Na7 {[%eval 83,0]} 46. Kb3 {[%eval -96,0]} Nc8 {
[%eval 77,0]} 47. Ne1 {[%eval 76,0]} Nb6 {[%eval 87,0]} 48. Nd3 {[%eval -95,0]}
Nc4 {[%eval 75,0]} 49. Bc1 {[%eval 77,0]} Kd7 {[%eval 71,0]} 50. Nb2 {[%eval
-99,0]} Kc6 $6 {[%eval 44,0] Inaccuracy. Nxb2 was best.} (50... Nxb2) 51. Nd3 {
[%eval 51,0]} Kd7 {[%eval 46,0]} 52. h4 {[%eval 45,0]} Ke8 {[%eval 61,0]} 53.
Ka4 {[%eval 74,0]} Nb6+ {[%eval 82,0]} 54. Ka5 {[%eval 82,0]} Nc4+ {[%eval 81,
0]} 55. Ka4 {[%eval 76,0]} b5+ {[%eval 67,0]} 56. Kb3 {[%eval 71,0]} a5 {
[%eval 73,0]} 57. bxa5 {[%eval 76,0]} Nxa5+ {[%eval 63,0]} 58. Kc3 {[%eval 6,0]
} Nc6 {[%eval 63,0]} 59. Nf4 {[%eval 62,0]} Kf7 {[%eval 64,0]} 60. Nh3 {
[%eval 52,0]} Bb4+ {[%eval 57,0]} 61. Kd3 {[%eval 59,0]} Be1 {[%eval 69,0]} 62.
Bf4 {[%eval 64,0]} Ke7 {[%eval 59,0]} 63. Ng5 {[%eval 58,0]} b4 {[%eval 67,0]}
64. Nf3 {[%eval 63,0]} Bc3 {[%eval 7,0]} 65. g4 $6 {[%eval -52,0] Inaccuracy.
Be3 was best.} (65. Be3 Kd7) 65... Na7 $2 {[%eval 2,0] Mistake. Bb2 was best.}
(65... Bb2 66. Bd2 Kd7 67. Be1 b3 68. Bc3 Bc1 69. Nd2 b2 70. Nb1 Na7 71. Bb4
Ke8 72. Kc2) 66. Be3 $6 {[%eval 68,0] Inaccuracy. Bd2 was best.} (66. Bd2 Bxd2
67. Kxd2 Nc6 68. Kc2 Kd7 69. Kb2 Kc7 70. Kb3 Kd8 71. Ka4 Kc8 72. Kb3 Kc7) 66...
Nb5 $6 {[%eval 2,0] Inaccuracy. Nc6 was best.} (66... Nc6 67. Kc2 Kd8 68. Bf2
Kd7 69. Kb3 Na5+ 70. Kc2 Kc6 71. Ng5 Kb5 72. Nxe6 Kc4 73. Kb1) 67. Kc2 {
[%eval 21,0]} Na3+ {[%eval 21,0]} 68. Kd3 {[%eval 25,0]} Nc4 {[%eval 35,0]} 69.
Bg5+ $6 {[%eval 96,0] Inaccuracy. Bf2 was best.} (69. Bf2 Ba1 70. Kc2 Na5 71.
Kb1 Bc3 72. Be1 Bxe1 73. Nxe1 Kd7 74. Kc2 Kc6 75. Nd3 Kb5) 69... Ke8 $6 {
[%eval 33,0] Inaccuracy. Kd7 was best.} (69... Kd7 70. h5) 70. Bc1 $6 {[%eval
-69,0] Inaccuracy. Kc2 was best.} (70. Kc2) 70... Ba1 $6 {[%eval 42,0]
Inaccuracy. Kd7 was best.} (70... Kd7 71. h5 gxh5 72. gxh5 Ba1 73. Kc2 Kc6 74.
Bf4 Na5 75. Kb1 Bc3 76. Kc2 Kb5 77. Ng5) 71. Bd2 $4 {[%eval -249,0] Blunder.
Kc2 was best.} (71. Kc2 Bc3 72. Kb3 Kd7 73. Ka4 Kc6 74. h5 gxh5 75. gxh5 Kd7
76. h6 gxh6 77. Bxh6 Kc6) 71... b3 {[%eval -288,0]} 72. Bb4 {[%eval -281,0]}
Bb2 {[%eval -296,0]} 73. Nd2 $2 {[%eval -462,0] Mistake. h5 was best.} (73. h5
gxh5) 73... Nxd2 {[%eval -469,0]} 74. Kxd2 {[%eval -472,0]} Bxd4 {[%eval -474,
0]} 0-1